Modern structural design : (Record no. 12391)

000 -LEADER
fixed length control field 00569cam a22001935i 4500
003 - CONTROL NUMBER IDENTIFIER
control field OSt
005 - DATE AND TIME OF LATEST TRANSACTION
control field 20240116110916.0
008 - FIXED-LENGTH DATA ELEMENTS--GENERAL INFORMATION
fixed length control field 210412s2021 mau 000 0 eng
020 ## - INTERNATIONAL STANDARD BOOK NUMBER
International Standard Book Number 9783035621426
Qualifying information (paperback)
082 ## - DEWEY DECIMAL CLASSIFICATION NUMBER
Classification number 624.1771
Item number WAT
100 1# - MAIN ENTRY--PERSONAL NAME
Personal name Watts, Andrew,
Relator term author.
245 10 - TITLE STATEMENT
Title Modern structural design :
Remainder of title constructing complex forms /
Statement of responsibility, etc Andrew Watts.
250 ## - EDITION STATEMENT
Edition statement 2.
263 ## - PROJECTED PUBLICATION DATE
Projected publication date 1111
300 ## - PHYSICAL DESCRIPTION
Extent pages cm
906 ## - LOCAL DATA ELEMENT F, LDF (RLIN)
a 0
b ibc
c orignew
d 2
e epcn
f 20
g y-gencatlg
942 ## - ADDED ENTRY ELEMENTS (KOHA)
Source of classification or shelving scheme
955 ## - COPY-LEVEL INFORMATION (RLIN)
Book number/undivided call number, CCAL (RLIN) xd06 2021-04-12
Classification number, CCAL (RLIN) xn11 2022-10-17 1 copy rec'd., to USASH
Holdings
Withdrawn status Lost status Source of classification or shelving scheme Damaged status Koha normalized classification for sorting Not for loan Permanent location Current location Date acquired Source of acquisition Cost, normal purchase price Total Checkouts Full call number Barcode Date last seen Date last borrowed Cost, replacement price Price effective from Koha item type
        624_177100000000000_WAT   BMS College of Architecture, Design and Planning BMS College of Architecture, Design and Planning 2024-01-16 1 2719.68 1 624.1771 WAT AR-UG3684 2024-02-22 2024-01-30 3626.24 2024-01-16 UG Books
Copyright © 2025, The Librarian, Library and Information Centre, BMSCA D&P, Bengaluru. All Rights Reserved
web counter

Powered by Koha